| 000 | 00637nam a22001817a 4500 | ||
|---|---|---|---|
| 999 |
_c14964 _d14964 |
||
| 003 | OSt | ||
| 082 | _2631.3 AFR/DE | ||
| 088 | _aP 271 | ||
| 100 |
_aAFREEDA V _aAMAL PADMU L.P _aMANTU KUMAR _93879 |
||
| 245 | _aDesign and development of power operated nutmeg sheller | ||
| 260 |
_aTavanur 2013 _bDepartment of Farm Power Machinery and Energy |
||
| 300 | _a52 | ||
| 500 | _aDesign and development of power operated nutmeg sheller | ||
| 520 | _aDesign and development of power operated nutmeg sheller | ||
| 700 |
_aEr. Sindhu Bhaskar _93429 |
||
| 856 | _uhttps://drive.google.com/open?id=1uGFynolktB1WDQYmDHu1F5kCDM-4GG9f | ||
| 942 | _cPR | ||